[Event "‘Mazing May"]
[Site "SchemingMind.com"]
[Date "2020.06.03"]
[Round "-"]
[White "WonkaEight"]
[Black "John Lewis"]
[Result "1-0"]
[WhiteCountry "AUS"]
[BlackCountry "WLS"]
[WhiteElo "1390"]
[WhiteRD "67"]
[BlackElo "1299"]
[BlackRD "54"]
[GameID "455922"]

1. d4 d5 2. c4 dxc4 3. Nf3 e6 4. e4 b5 5. a4 c6 6. Nc3 a6 7. axb5 cxb5 8. Nxb5 Bb7 9. Nc3 Nf6 10. Bxc4 Bb4
11. O-O Bxc3 12. bxc3 Nxe4 13. Bb2 O-O 14. Re1 Nc6 15. Rxe4 Na5 16. d5 exd5 17. Bxd5 Bxd5 18. Rd4 Qb6 19. Rxd5 Nc4 20. Qd4 Qxd4
21. Nxd4 Nxb2 22. h3 Nd3 23. Nc6 h6 24. Rxd3 g5 25. Re1 Rae8 26. Rxe8 Rxe8 27. Rd6 Kg7 28. Na5 Re5 29. Rxa6 Rc5 30. c4 f6
31. Kf1 Kf7 32. Ke2 f5 33. Kd3 h5 34. Kd4 Rc8 35. Nb7 Rc7 36. Ra7 Rd7+ 37. Kc5 Rd2 38. Nd6+ Ke6 39. Ra6 Rxf2 40. Ne4+ Ke5
41. Nxf2 g4 42. hxg4 hxg4 43. Rg6 Kf4 44. Nh1 Ke3 45. Kd5
1-0